Kafkův proces a Švihova aféra

Bibliographic Details
Main Authors: Nuska, Bohumil, 1932- (Author), Pernes, Jiří, 1948-2025 (Author)
Format: Book
Language:Czech
PhysicalDescription:231 s., viii s. fotogr. príl. 20 cm
Published: Brno Barrister & Principal 2000
ISBN:8085947609
Subjects:

MARC

LEADER 00000nam a2200000 a 4500
001 vtls001439449
003 SK-MaSNL
005 20260422182402.0
008 251124s2000 xr ad r y 0 cze
020 |a 8085947609  |c [217,00] 
035 |a SNK000394599 
040 |a SNK  |b slo  |c SNK  |e AACR2 
044 |a xr  |c CZ 
080 |a 830(437.1)-31(048.8)  |2 1981 
080 |a 343.35(048.8)  |2 1981 
080 |a 343.1(048.8)  |2 1981 
080 |a 351.746.1(048.8)  |2 1981 
100 1 |a Nuska, Bohumil,  |d 1932-  |4 aut  |9 48243 
245 1 0 |a Kafkův proces a Švihova aféra  |c Bohumil Nuska, Jiří Pernes 
260 |a Brno  |b Barrister & Principal  |c 2000 
300 |a 231 s., viii s. fotogr. príl.  |c 20 cm 
600 1 |a Kafka, Franz,  |d 1883-1924  |2 SNK  |9 222448 
600 1 |a Švihra, Karel  |d 1877-1937  |x štúdie  |2 SNK  |9 392963 
650 0 7 |a Švihrova aféra  |y 1914  |x štúdie  |2 SNK  |9 392964 
650 0 7 |a súdne procesy  |z Česko  |y 1914  |x štúdie  |2 SNK  |9 66675 
650 0 7 |a aféry  |z Česko  |y 20. stor  |2 SNK  |9 66676 
700 1 |a Pernes, Jiří,  |d 1948-2025  |4 aut  |9 196310 
919 |a 80-85947-60-9 
999 |c 642349  |d 644279 
952 |t P60, <04>, [BOOK], {604}  |a SNK  |b SNK  |y VYP  |7 0  |p 17A0359420  |o snkID 97086  |i snkV 1250/2002  |0 0  |1 0  |4 0  |d 2002-10-11  |l 0  |r 2005-01-02 00:00:00  |w 2026-02-23